[Event "Essex League"]
[Site "Wanstead"]
[Date "1980.03.04"]
[Round "?"]
[White "F Simms, (White)"]
[Black "Roy Wagstaff, (Black)"]
[Result "0-1"]
[WhiteElo "157"]
[BlackElo "156"]
[Annotator "Roy Wagstaff"]
[PlyCount "48"]
[EventDate "1978.04.13"]
[EventType "simul"]
[EventRounds "145"]
[SourceVersionDate "2020.02.28"]
[WhiteTeam "W&W 1"]
[BlackTeam "Harlow"]

{Notes by Roy Wagtaff.} 1. e4 d6 2. d4 g6 3. Nc3 Bg7 4. f4 c6 5. Nf3 Nf6 6. Bd3
O-O 7. Be3 Ng4 8. Bg1 e5 9. fxe5 {Better was 9 dxe5.} dxe5 10. d5 cxd5 11. Nxd5
Nc6 12. Qd2 Be6 13. c4 Bh6 14. Qc3 Bg7 15. O-O-O b5 16. Be2 bxc4 17. Bxc4 Rc8
18. Nb6 $5 {A flashy move which seems to lose.} ({Instead} 18. Bc5 {with
winning chances.}) 18... Bh6+ 19. Kc2 Nd4+ 20. Nxd4 exd4 21. Nxc8 Qxc8 22. Bxe6
Qxe6 23. Qxd4 Rc8+ 24. Kb1 Qc6 $1 {0-1. White had four minutes left for 12
moves and thought he would lose on time anyway. The likely continuation was 25
a3 Qc2+ 26 Ka1 Qxg2 27 Be3 Bg7 ( or 27 ...Bxe3) 28 Qd2 Qxd2 (or 28 ...Nxe3!)
29 Bxd2 Nf2 30 Rc1 Rd8 31 Be3 Nxh1 32 Rxh1 Rd3 33 Bc5 Rd2 winning a pawn and
the ending.} 0-1

[Event "\"Phillips & Drew\" Simultaneous, Barber"]
[Site "London"]
[Date "1980.04.02"]
[Round "?"]
[White "GM John Nunn, (White)"]
[Black "Ian Hunnable, (Black)"]
[Result "0-1"]
[WhiteElo "246"]
[BlackElo "178"]
[Annotator "Ian Hunnable"]
[PlyCount "60"]
[EventDate "1980.??.??"]
[EventType "game"]
[SourceVersionDate "2020.02.28"]

1. e4 Nf6 2. e5 Nd5 3. d4 d6 4. Nf3 dxe5 5. Nxe5 g6 6. Bc4 Be6 ({Being careful
not to p;lay the "natural"} 6... Bg7 {When White has} 7. Nxf7 Kxf7 8. Qf3+ $14)
7. Bb3 {Largely reducing Black's chances of equalising through exchanges.
Compare with 7 O-O.} (7. O-O Bg7 8. Nd2 O-O 9. Ne4 Bxe5 10. dxe5 Nf4 {etc.})
7... c6 8. O-O Bg7 9. Re1 O-O 10. Nd2 Nd7 11. Ndf3 {Heading for g5. Black
accordingly seeks to clarify the situation regarding the e6 square.} Nc7 12. c4
Nxe5 13. Nxe5 f6 $5 {The idea is ...Bf7 and a subsequent ...e5.} 14. Nxg6 $5 {
I had lightly dismissed this possibility, but if the GM plays it, perhaps it
is good?} hxg6 15. Rxe6 Nxe6 16. c5 {A couple of moves back, I had thought of
16 ...Kh7 here, but after 17 Bxe6 White threatens Qf3 and Qh3. Hence the
continuation in the game which holds onto the knight long enough to get the
rook to h8 and the king to f8.} Kf7 17. Qe2 Qd7 $2 {The modern engine gives
this as equal, but 17 ...Qc8 as winning for Black. What's the difference?} (
17... Qc8 18. Bd2 Rd8 $1 {This is the difference. If now} 19. Re1 Rd5 $1 20.
Bxd5 cxd5 $19 {Black is a piece up and the piece is no longer pinned against
the king.}) 18. Bd2 Rh8 19. Re1 Kf8 20. Bxe6 Qxd4 21. g3 Rd8 22. Bb3 e5 23. Bc3
Qd3 24. Qg4 Qf5 25. Qc4 Rd7 26. h4 ({Here, I had worked out, if} 26. Rd1 Qh3
27. Rxd7 Qxh2+ 28. Kf1 Qh3+ 29. Ke2 Qxd7 $19) 26... g5 27. Bd1 $2 {White
misses his chance.} (27. g4 $1 Qf4 28. Qe6 Re7 29. Qc8+ Re8 30. Qxb7 Re7 31.
Qb8+ Re8 32. Qxa7 Re7 33. Qb8+ Re8 34. Qd6+ Re7 35. Qxc6 $16) 27... gxh4 28.
Bg4 {Several spectators (and Nunn?) thought I had made an oversight, but all's
OK.} Qd3 29. Qe6 hxg3 $1 30. f3 ({Now} 30. Qxd7 {fails to} gxf2+ 31. Kxf2 (31.
Kg2 fxe1=N+ 32. Bxe1 Qxd7 33. Bxd7 Ke7 $19) 31... Rh2+ 32. Kg1 Qg3+ 33. Kf1
Qf2#) 30... Qc2 {The final finnesse is 31 Bd4 Rh1+ 32 Kxh1 Qh2#} 0-1

[Event "London League"]
[Site "London"]
[Date "1980.03.05"]
[Round "?"]
[White "M V Lambshire, (White)"]
[Black "Alan Potter, (Black)"]
[Result "1/2-1/2"]
[WhiteElo "199"]
[BlackElo "158"]
[Annotator "Alan Potter"]
[PlyCount "46"]
[EventDate "1978.04.13"]
[EventType "simul"]
[EventRounds "145"]
[SourceVersionDate "2020.02.28"]
[WhiteTeam "Harrow"]
[BlackTeam "W&W"]

{Notes by Alan Potter.} 1. d4 d6 2. e4 Nf6 3. Nc3 g6 4. g3 Bg7 5. Bg2 O-O 6.
Nge2 e5 7. h3 {Slow.} Nc6 8. Be3 (8. d5 Ne7 {with a solid position.} ({or} 8...
Nd4 9. Nxd4 exd4 10. Ne2 ({not} 10. Qxd4 Nxe4 $19) 10... Re8 $15 {...with an
interesting but unclear position.})) 8... b6 9. O-O Bb7 10. Re1 Re8 11. Qd2 Na5
{A try for some initiative but now this knight remains a ring-side spectator
for long time.} 12. b3 exd4 13. Bxd4 c5 {Perhaps 13 ...Nc6 is better.} ({Not} 
13... Nxe4 14. Nxe4 Bxe4 15. Bxg7 Kxg7 16. Qd4+ $18) 14. Bxf6 Qxf6 15. Rad1
Rad8 16. Nb5 {16 Nd5 is more solid than this adventurous move.} Bxe4 17. Nxd6 (
{Interesting is} 17. Bxe4 Rxe4 18. Nxd6 Rd4 19. Nxd4 Rxd6 20. Re8+ Bf8 21. Qh6
Qg7 22. Qxg7+ Kxg7 23. Nf5+ gxf5 24. Rxd6 Bxd6 $15) 17... Rxd6 {This seemed
simpler than the complexities arising from 17 ...Qe7 when perhaps 18 Nf4.} 18.
Qxd6 Qxd6 19. Rxd6 Bxg2 20. Kxg2 Bc3 21. Nxc3 Rxe1 22. Rd1 (22. Nd5 {might
retain some initiative, e.g.} Re2 23. Ne3 $16 {when both Black's pieces are
badly placed.}) 22... Rxd1 23. Nxd1 Nc6 {½-½} 1/2-1/2

[Event "London League"]
[Site "London"]
[Date "1980.03.05"]
[Round "?"]
[White "Roy Wagstaff, (White)"]
[Black "R Glew, (Black)"]
[Result "1-0"]
[WhiteElo "156"]
[BlackElo "162"]
[Annotator "Roy Wagstaff"]
[PlyCount "49"]
[EventDate "1978.04.13"]
[EventType "simul"]
[EventRounds "145"]
[SourceVersionDate "2020.02.28"]
[WhiteTeam "Harrow"]
[BlackTeam "W&W"]

{Notes by Roy Wagstaff.} 1. d4 Nf6 2. c4 e6 3. Nc3 Bb4 4. Bd2 O-O 5. a3 Bxc3 6.
Bxc3 d5 7. e3 dxc4 8. Bxc4 Nbd7 9. Nf3 b6 10. O-O Bb7 11. Rc1 Nd5 {Too anxious
to break the pair of bishops. 11 ...Bd5 to equalise first is better.} 12. Qe2
c5 13. Rfd1 Nxc3 14. Rxc3 Qe7 15. Bb5 cxd4 {A futile attempt to avoid an
isolated c-pawn - overlooking White's reply.} 16. Rc7 Bxf3 ({Or} 16... Bc8 17.
Rxd4 Qd8 18. Qc2 $18) 17. Qxf3 Qg5 18. Bxd7 dxe3 19. Qxe3 Qf6 20. Qc3 Qf4 21.
Bxe6 {Not really expecting a mate.} Rad8 {Black hastens his own finis in four
moves.} 22. Rxd8 Rxd8 23. Rc8 Qd6 24. Rxd8+ Qxd8 25. Qc8 {1-0} 1-0

[Event "Essex League"]
[Site "Upminster"]
[Date "1980.04.24"]
[Round "?"]
[White "Eddie Lee, (White)"]
[Black "Steve Abott, (Black)"]
[Result "1-0"]
[WhiteElo "138"]
[BlackElo "153"]
[Annotator "First Rank"]
[PlyCount "57"]
[EventDate "1978.04.13"]
[EventType "simul"]
[EventRounds "145"]
[SourceVersionDate "2020.02.28"]
[WhiteTeam "Upminster"]
[BlackTeam "W&W"]

1. e4 c6 2. d4 d5 3. e5 c5 4. c3 Nc6 5. h3 cxd4 6. cxd4 Qb6 7. Nf3 Bf5 8. Nc3
e6 9. a3 Nge7 10. Be3 Na5 11. b4 Nac6 ({Black presumably intended} 11... Nc4 {
...but of course,} 12. Bxc4 dxc4 13. d5 $18) 12. g4 Bg6 13. Na4 Qd8 14. Nc5 b6
$2 15. Nb7 Qd7 16. Nd6+ Kd8 17. Ba6 Ng8 18. Nb7+ Ke8 19. Rc1 Nge7 20. Nd6+ Kd8
21. Ng5 Ng8 22. Bb5 {22 Bb7 was also possible, but Edward's going for the
other rook.} Nge7 {The third time Black has played this move.} 23. Ngxf7+ Bxf7
24. Nxf7+ Kc7 25. Nxh8 a6 26. Bxc6 Nxc6 27. O-O Kb7 28. Qf3 Nd8 $2 {An unhappy
end to an unhappy game for the Upminster Captain.} 29. Qxf8 {1-0} 1-0

[Event "London League"]
[Site "London"]
[Date "1980.04.24"]
[Round "?"]
[White "Alan Marshall, (White)"]
[Black "Michael Yeo, (Black)"]
[Result "1-0"]
[WhiteElo "190"]
[BlackElo "191"]
[Annotator "First Rank"]
[PlyCount "61"]
[EventDate "1978.04.13"]
[EventType "simul"]
[EventRounds "145"]
[SourceVersionDate "2020.02.28"]
[WhiteTeam "W&W"]
[BlackTeam "Mitcham"]

1. e4 e5 2. Nc3 Nf6 3. f4 d5 4. fxe5 Nxe4 5. d3 Bb4 6. dxe4 Qh4+ {6 ...d4
would regain the piece for a pawn, but Black has a more ambitious plan in mind.
} 7. Ke2 (7. g3 Qxe4+ {nets the rook.}) 7... Bg4+ ({Best is} 7... Bxc3 8. bxc3
Qg4+ 9. Nf3 dxe4 10. Kf2 Nc6 11. Bb5 exf3 12. Qxf3 O-O $11) 8. Nf3 Nc6 $2 {
Losing.} ({Last chance for} 8... Bxc3 9. bxc3 dxe4 10. Qd4 Bh5 11. Kd2 Qg4 12.
h3 Qf4+ 13. Ke1 Qg3+ 14. Qf2 Qxf2+ 15. Kxf2 exf3 16. gxf3 $11) 9. Nxd5 O-O-O
10. c3 Rhe8 11. Qe1 $1 {Unpinning the QN and competing for the dark squares.} (
{Better than the injudicious} 11. cxb4 {when} Rxe5 {increases Black's threats
and White's king still has nowhere to go.}) 11... Qh5 12. Nxb4 Nxe5 13. Qg3 Bf5
{Naturally the bishop can't be taken in view of ...Ng4+ but since this means
White's e-pawn is going, White's king looks a little fragile once more.} 14.
Bf4 Bxe4 15. Bxe5 Rxe5 16. Kf2 Bxf3 17. Nd3 $1 ({Not} 17. gxf3 Rd2+ 18. Kg1 Re1
$1 19. Rxe1 (19. Qg4+ Qxg4+ 20. fxg4 Rxa1 $19) 19... Qc5+ $19) ({Nor} 17. Qxf3
Rf5 18. Qxf5+ Qxf5+ 19. Kg1 {is surprisingly met by} (19. Ke1 Qe4+ 20. Be2 Re8
$19) 19... Qc5#) 17... Rg5 18. Qxf3 Rf5 19. Nf4 Qh6 20. g3 Qb6+ {White has
seen off he worst - Black is now fishing.} 21. Qe3 Qxb2+ 22. Be2 g5 23. Rad1
Rg8 (23... gxf4 {is met by} 24. Rxd8+ Kxd8 25. Rd1+ Kc8 26. Qe8#) 24. Rd2 (24.
Qxa7 Qb6+ 25. Qxb6 cxb6 26. Bg4 $18 {if he'd seen it.}) 24... gxf4 25. Rxb2 (
25. Qd3 $1 fxg3+ 26. Kg2 gxh2+ 27. Kxh2 $18) 25... fxe3+ 26. Kxe3 Re8+ 27. Kd3
Rfe5 28. Bg4+ Kb8 29. Re2 Rd8+ 30. Kc2 Ra5 31. Kb3 {1-0 30 moves was the time
control in those days, so no doubt Black resigned instead of sealing a move.}
1-0

[Event "London League"]
[Site "London"]
[Date "1979.10.03"]
[Round "?"]
[White "S J Drury, (White)"]
[Black "Paul Pritchard, (Black)"]
[Result "0-1"]
[WhiteElo "177"]
[BlackElo "171"]
[Annotator "Paul Pritchard"]
[PlyCount "54"]
[EventDate "1978.04.13"]
[EventType "simul"]
[EventRounds "145"]
[SourceVersionDate "2020.02.28"]
[WhiteTeam "Drunken Knights"]
[BlackTeam "W&W"]

{Original notes by Paul Pritchard and 2020 comments (with the aid of a
analysis engine) by the Webmaster ("WM").} 1. Nf3 Nf6 2. g3 g6 3. Bg2 d5 4. d4
Bg7 5. O-O O-O 6. c4 Nc6 $2 {A poor move which my opponent immediately
exploits. Best is the theoretically recommended 6 ...dxc4.} 7. Ne5 $1 Nxe5 8.
dxe5 Ng4 9. cxd5 Nxe5 10. Nc3 c6 {Black must seek some freedom.} 11. Qc2 cxd5
12. Nxd5 Bf5 13. Qc5 ({If} 13. e4 {Black can consider} Qxd5 14. exf5 Qd3 $14 ({
Or} 14... Nf3+ 15. Kh1 Nd4 16. Bxd5 Nxc2 17. Rb1 gxf5 $11)) 13... Nc6 14. Bg5
f6 15. Be3 e5 16. Rfd1 Rc8 {"Surprisingly, White has no useful discovery" was
Paul's annotation in First Rank, which was not queried at the time, but the
2020 analysis engine finds one (see next note) - WM} (16... Rf7 {was necessary
as the next note shows, though White is still winning.}) 17. Rac1 {Both
players have missed 17 Nb6! - WM} (17. Nb6 $1 $18 {- WM}) 17... Re8 {
Overprotecting e7 and thereby freeing the Nc6 for action. The square f8 is
also vacated for the KB which enters the game with decisive effect. White
should now have played 18 Qb5, although it was difficult to foresee the
ensuing tactics. (However, 17 ...Rf7 was better. - WM)} 18. Qa3 {However, the
analysis engine does not support 18 Qb5 and gives 18 Qc4 or the game move 18
Qa3. - WM} Bf8 19. Bc5 $2 {This is where White goes astray, although only as
far as allowing equality. - WM} (19. Qb3 Kh8 ({Or} 19... Be6 20. Qxb7 $18) 20.
Qxb7 $18 {- WM}) 19... Nd4 $1 {Exploiting the pinned bishop.} 20. Kf1 Rxc5 $1
21. Rxc5 b6 22. Qxa7 $2 {The final nail in the White coffin.} ({White had to
find} 22. Qa4 Bxc5 23. Qxe8+ $1 Qxe8 24. Nxf6+ Kf7 25. Nxe8 Kxe8 $11 {- WM.})
22... Bxc5 23. e3 Be6 $1 {"Unnecessarily flash. This move could have
jeopardise the win." This was Paul's annotation in First Rank. On the contrary,
23 ...Be6! is the best move! - WM} 24. exd4 Bxd5 25. Qa4 ({Relatively better,
without changing the result, is} 25. dxc5 Bxg2+ 26. Ke1 Qa8 {It appears that
Paul did not evaluate this move in deprecating 23 ...Be6! - WM} 27. Qxa8 (27.
cxb6 Qe4+ 28. Kd2 Rd8+ $19) (27. Rd7 Qe4+ $19) 27... Rxa8 28. cxb6 Rb8 $19)
25... Bxg2+ 26. Kxg2 Bxd4 27. Qc6 Qa8 {0-1} 0-1

[Event "Essex League"]
[Site "London"]
[Date "1980.02.26"]
[Round "?"]
[White "L. Foster, (White)"]
[Black "George Fernie, (Black)"]
[Result "0-1"]
[WhiteElo "142"]
[BlackElo "147"]
[Annotator "Goerge Fernie"]
[PlyCount "72"]
[EventDate "1978.04.13"]
[EventType "simul"]
[EventRounds "145"]
[SourceVersionDate "2020.02.28"]
[WhiteTeam "W&W 1"]
[BlackTeam "Waltham Forest"]

1. d4 Nf6 2. Nf3 e6 3. Bf4 b6 4. e3 Bb7 5. h3 Be7 6. Nbd2 O-O 7. c3 d5 8. Bd3
Ne4 9. O-O Nd7 10. Ne5 f6 11. Nxd7 Qxd7 12. Qe2 Bd6 13. Rfe1 e5 ({Better would
be} 13... Nxd2 $11) 14. Bh2 $2 (14. Bxe4 dxe4 15. Bh2 exd4 16. exd4 $15) (14.
Nxe4 dxe4 15. Bc4+ Kh8 16. dxe5 Bxe5 17. Bxe5 fxe5 18. Rad1 $16) 14... Nxd2 15.
Qxd2 e4 16. Bxd6 Qxd6 17. Be2 f5 18. Rf1 Qg6 19. f3 Rf6 20. f4 Qg3 21. Bd1 Rh6
22. Kh1 Rf8 23. Qf2 Rxh3+ $1 24. gxh3 Qxh3+ 25. Kg1 Rf6 26. Bf3 {Otherwise
White loses his queen or is mated.} exf3 27. Qxf3 Rg6+ 28. Kf2 Qh2+ 29. Ke1
Qxb2 30. Rd1 Qxc3+ 31. Rd2 Re6 32. Qd1 Qxe3+ 33. Re2 Qxe2+ 34. Qxe2 Rxe2+ 35.
Kxe2 Ba6+ {At last the bishop does something!} 36. Kf2 Bxf1 {0-1} 0-1

[Event "Friendly Match"]
[Site "Hastings"]
[Date "1980.04.27"]
[Round "?"]
[White "George Fernie, (White)"]
[Black "E G Exell, (Black)"]
[Result "1-0"]
[WhiteElo "147"]
[BlackElo "138"]
[PlyCount "59"]
[EventDate "1978.04.13"]
[EventType "simul"]
[EventRounds "145"]
[SourceVersionDate "2020.02.28"]
[WhiteTeam "Hastings"]
[BlackTeam "W&W"]

1. c4 Nf6 2. Nc3 g6 3. g3 Bg7 4. Bg2 O-O 5. e4 d6 6. d4 c5 7. Nf3 Nc6 8. d5 Na5
9. Qd3 a6 10. Rb1 b5 11. cxb5 axb5 12. b4 cxb4 13. Rxb4 Ba6 14. Nxb5 Rb8 15. a4
Nd7 16. O-O Nc5 17. Qa3 Qb6 18. Be3 Qb7 19. Rfb1 Bxb5 20. Rxb5 Qc7 21. Rxb8
Rxb8 22. Rxb8+ Qxb8 23. Bxc5 dxc5 24. Qxc5 Qb1+ 25. Bf1 Qxe4 26. Qxa5 Qxf3 27.
Qd8+ Bf8 28. a5 Qa3 29. a6 Qc5 30. Qb8 {1-0} 1-0

[Event "Essex League"]
[Site "Billericay"]
[Date "1980.03.25"]
[Round "?"]
[White "C Oppenheim, (White)"]
[Black "Eddie Lee, (Black)"]
[Result "0-1"]
[WhiteElo "138"]
[BlackElo "128"]
[Annotator "First Rank"]
[PlyCount "66"]
[EventDate "1978.04.13"]
[EventType "simul"]
[EventRounds "145"]
[SourceVersionDate "2020.02.28"]
[WhiteTeam "Billericay"]
[BlackTeam "W&W 2"]

1. e4 c5 2. Nf3 Nc6 3. d4 cxd4 4. Nxd4 Nf6 5. Nc3 e5 6. Ndb5 d6 7. Bg5 a6 8.
Bxf6 gxf6 9. Na3 b5 10. Nd5 f5 11. Bd3 Bg7 $2 12. c3 $2 f4 13. Nc2 O-O 14. a4
bxa4 15. Rxa4 Ne7 16. Qa1 $6 f5 17. Bxa6 Nxd5 18. exd5 e4 19. Bxc8 Rxc8 20. O-O
Kh8 21. f3 $2 e3 22. Qe1 Qb6 23. Rb4 Qc5 24. c4 Rce8 25. Qe2 h5 26. Rd1 Rg8 27.
Rb5 Qc7 28. Ne1 h4 29. h3 Be5 30. b4 Rg3 31. c5 Qg7 32. Kh1 Rg8 33. Qf1 e2 {
0-1 If 34 Qxe2 Rxh3+ 35 Kg Bd4+ 36 Rxd4 Qxd4+ 37 Qf2 Rh1+ etc.} 0-1

[Event "Club Lightning Championship"]
[Site "Wanstead"]
[Date "1980.10.07"]
[Round "?"]
[White "Bill Franklin, (White)"]
[Black "Ian Hunnable, (Black)"]
[Result "0-1"]
[WhiteElo "159"]
[BlackElo "170"]
[Annotator "Ian Hunnable"]
[PlyCount "100"]
[EventDate "1978.04.13"]
[SourceVersionDate "2020.02.28"]

1. e4 Nf6 2. Bc4 Nxe4 3. Bxf7+ Kxf7 4. Qh5+ Kg8 5. Qd5+ e6 6. Qxe4 d5 7. Qf3
Nc6 8. d3 Nd4 9. Qd1 Bc5 10. c3 Nf5 11. d4 Bd6 12. Nf3 g6 13. Bg5 Qf8 14. Nbd2
h6 15. Be3 Kh7 16. Qe2 Bd7 17. O-O-O b5 18. h4 b4 19. g4 Nxe3 20. fxe3 bxc3 21.
bxc3 Ba3+ 22. Kc2 Ba4+ 23. Nb3 Qd6 24. Qd3 Rhf8 25. Ne5 Rf2+ 26. Rd2 Rxd2+ 27.
Kxd2 Rg8 28. h5 Be8 29. Qc2 (29. g5 $18 {immediately.}) 29... c5 30. g5 cxd4
31. hxg6+ Kg7 (31... Bxg6 32. Rxh6+ $18) 32. gxh6+ {'orrible, innit? The great
thing about Lightning chess is that it doesn't give you time to decide whether
to resign - if you can see a move play it. So...} Kf6 33. exd4 $2 (33. Ng4+ $18
{would probably be enough to induce the curtains.}) 33... Bxg6 34. Rf1+ Bf5 35.
Qd1 Rg2+ 36. Ke1 Bb2 37. Rf3 Rg1+ 38. Kd2 $4 Rxd1+ 39. Kxd1 Qc7 ({And not} 
39... Kg5 $18) 40. Nc5 Kg5 41. Rg3+ Kxh6 42. Ncd7 Bxc3 43. Nf7+ Kh5 {Now the
king is being hounded and the queen doesn't look quite so good.} 44. Rg5+ Kh4
45. Nde5 Bxd4 46. Nf3+ Kh3 47. Nxd4 Qxf7 48. Nf3 Qc7 $2 ({I had imagined} 48...
Bg4 {was answered by} 49. Rxg4 Kxg4 $2 ({but of course, what I had missed in
10 seconds was} 49... Qxf3+) 50. Ne5+ $14) 49. Ke2 $2 ({Afterwards, Alan
Marshall pointed out that} 49. Ng1+ {is a draw!} Kh4 50. Nf3+ Kh3 51. Ng1+ Kh2
52. Nf3+ {etc.}) 49... Bg4 50. Kf2 Qg3+ {0-1} 0-1